[Event "GER-ch Net qual1 U18"]
[Site "Playchess.com INT"]
[Date "2008.06.01"]
[Round "4"]
[White "Baldauf, Marco"]
[Black "Ludwig, Jan"]
[Result "1/2-1/2"]
[WhiteElo "2236"]
[BlackElo "1877"]
[PlyCount "35"]
[EventDate "2008.06.01"]
[EventType "swiss (blitz)"]
[EventRounds "7"]
[EventCountry "GER"]
[SourceTitle "CBM 124 Extra"]
[Source "ChessBase"]
[SourceDate "2008.07.03"]
[SourceVersion "1"]
[SourceVersionDate "2008.07.03"]
[SourceQuality "1"]

1. e4 d5 2. exd5 Qxd5 3. Nc3 Qd6 4. g3 Nf6 5. Bg2 c6 6. Nge2 Bg4 7. h3 Bh5 8. d4 Nbd7 9. Bf4 Qb4 10. Rb1 0-0-0 11. a3 Qb6 12. 0-0 e5 13. Be3 exd4 14. Bxd4 Bc5 15. Na4 Qb5 16. Nec3 Qc4 17. g4 Bg6 18. Bxf6 1/2-1/2

[Event "GER-ch U25 op"]
[Site "Willingen"]
[Date "2008.05.15"]
[Round "7"]
[White "Schwarzat, Julian"]
[Black "Ludwig, Jan"]
[Result "1/2-1/2"]
[WhiteElo "1963"]
[BlackElo "1957"]
[PlyCount "21"]
[EventDate "2008.05.11"]
[EventType "swiss"]
[EventRounds "9"]
[EventCountry "GER"]
[SourceTitle "CBM 124 Extra"]
[Source "ChessBase"]
[SourceDate "2008.07.03"]
[SourceVersion "1"]
[SourceVersionDate "2008.07.03"]
[SourceQuality "1"]

1. e3 d5 2. f4 Nf6 3. Nf3 Bg4 4. d4 e6 5. Bd3 c5 6. c3 Nc6 7. 0-0 Be7 8. Nbd2 Qb6 9. Qe1 Bf5 10. Ne5 cxd4 11. exd4 1/2-1/2

[Event "GER North-chT U16"]
[Site "Magdeburg"]
[Date "2006.08.26"]
[Round "2.1"]
[White "Guennigmann, Manuel"]
[Black "Ludwig, Jan"]
[Result "1/2-1/2"]
[WhiteElo "1906"]
[BlackElo "1728"]
[PlyCount "65"]
[EventDate "2006.08.26"]
[EventType "team"]
[EventRounds "7"]
[EventCountry "GER"]
[SourceTitle "EXT 2007"]
[Source "ChessBase"]
[SourceDate "2006.11.23"]
[SourceVersion "1"]
[SourceVersionDate "2006.11.23"]
[SourceQuality "1"]

1. e4 e6 2. d4 d5 3. Nc3 Bb4 4. e5 c5 5. a3 Ba5 6. b4 cxd4 7. Nb5 Bc7 8. f4 Ne7 9. Nf3 Nbc6 10. Bd3 Nf5 11. Bxf5 exf5 12. Bb2 Be6 13. 0-0 0-0 14. Nxc7 Qxc7 15. Nxd4 Nxd4 16. Bxd4 b6 17. c3 a5 18. Qf3 Rab8 19. Qe3 a4 20. h3 Rfe8 21. Kh1 Bd7 22. Qf3 Qc6 23. Rad1 Qg6 24. Rg1 Be6 25. Rd2 Rec8 26. Re2 Rc6 27. g3 h5 28. Reg2 Kf8 29. Rf1 Kg8 30. Qf2 Bc8 31. Qf3 Be6 32. Qd3 Rc4 33. Qe3 1/2-1/2

[Event "Hamburg Robinow op"]
[Site "Hamburg"]
[Date "2005.10.06"]
[Round "6"]
[White "Cahillane, Felix"]
[Black "Ludwig, Jan"]
[Result "0-1"]
[WhiteElo "929"]
[BlackElo "1592"]
[PlyCount "50"]
[EventDate "2005.10.01"]
[EventType "swiss"]
[EventRounds "9"]
[EventCountry "GER"]
[SourceTitle "CBM 108 Extra"]
[Source "ChessBase"]
[SourceDate "2005.11.04"]
[SourceVersion "1"]
[SourceVersionDate "2005.11.04"]
[SourceQuality "1"]

1. Nf3 d5 2. c4 c6 3. b3 Bf5 4. g3 e6 5. Bb2 Nf6 6. Bg2 Be7 7. 0-0 Nbd7 8. Nc3 Qb6 9. Na4 Qc7 10. Rc1 0-0 11. e3 Bd3 12. Re1 e5 13. Bf1 Bxf1 14. Kxf1 e4 15. Nd4 Ne5 16. cxd5 Nxd5 17. Nc3 Nxc3 18. Rxc3 Nd3 19. Rxd3 exd3 20. Qg4 Bf6 21. Nb5 Qe7 22. Ba3 c5 23. Nd4 b6 24. f4 Qb7 25. Qf3 Qa6 0-1

[Event "Hamburg Robinow op"]
[Site "Hamburg"]
[Date "2005.10.05"]
[Round "5"]
[White "Ludwig, Jan"]
[Black "Lohrie, Christian"]
[Result "1-0"]
[WhiteElo "1592"]
[BlackElo "1353"]
[PlyCount "31"]
[EventDate "2005.10.01"]
[EventType "swiss"]
[EventRounds "9"]
[EventCountry "GER"]
[SourceTitle "CBM 108 Extra"]
[Source "ChessBase"]
[SourceDate "2005.11.04"]
[SourceVersion "1"]
[SourceVersionDate "2005.11.04"]
[SourceQuality "1"]

1. e4 e5 2. d4 exd4 3. c3 dxc3 4. Bc4 Nc6 5. Nf3 d6 6. Qb3 Qe7 7. 0-0 h6 8. Nxc3 Nf6 9. Nd5 Nxd5 10. exd5 Ne5 11. Bf4 Nxf3+ 12. Qxf3 Qd8 13. Bd3 Bd7 14. Rfe1+ Be7 15. Re2 0-0 16. Qe4 1-0

[Event "Hamburg Weisse Dame op 11th"]
[Site "Hamburg"]
[Date "2005.09.18"]
[Round "5.4"]
[White "Raedisch, Peter"]
[Black "Ludwig, Jan"]
[Result "1/2-1/2"]
[WhiteElo "1629"]
[BlackElo "1572"]
[PlyCount "98"]
[EventDate "2005.09.17"]
[EventType "swiss"]
[EventRounds "5"]
[EventCountry "GER"]
[SourceTitle "EXT 2006"]
[Source "ChessBase"]
[SourceDate "2005.11.24"]
[SourceVersion "1"]
[SourceVersionDate "2005.11.24"]
[SourceQuality "1"]

1. e4 e6 2. d4 d5 3. e5 c5 4. dxc5 Bxc5 5. Qg4 Ne7 6. Qxg7 Rg8 7. Qxh7 Qb6 8. Nh3 Nbc6 9. Qh4 Nxe5 10. c3 a5 11. Qf6 Ng4 12. Qf3 Bd7 13. a4 0-0-0 14. Bb5 Bxb5 15. axb5 Ne5 16. Qe2 f6 17. 0-0 Nf5 18. Bf4 Nh4 19. Bg3 Nf5 20. b4 Nxg3 21. hxg3 axb4 22. cxb4 Bxb4 23. Ra8+ Kd7 24. Rxd8+ Kxd8 25. Kh2 Ng4+ 26. Kh1 e5 27. Qa2 Qxb5 28. Rd1 Kc7 29. Qb3 Qc4 30. Qb2 Kd6 31. Rc1 Qd4 32. Qc2 Bc5 33. Nc3 Nxf2+ 34. Kh2 Ng4+ 35. Kh1 Qe3 36. Rb1 Nf2+ 37. Nxf2 Qxf2 38. Qh7 Rc8 39. Nb5+ Kc6 40. Na7+ Bxa7 41. Qxb7+ Kd6 42. Qxc8 e4 43. Rc1 Qe3 44. Qc7+ Ke6 45. Rc6+ Kf5 46. Qd7+ Kg6 47. Qg4+ Qg5 48. Qh3 Qe3 49. Qg4+ Qg5 1/2-1/2